The 25 highest overalls in madden 25 - Statistics

General Stats
  • This quiz has been taken 55 times
  • The average score is 14 of 25
Answer Stats
Hint Answer % Correct
97 Patrick Mahomes
98%
99 Justin Jefferson
90%
99 Lamar Jackson
88%
99 Travis Kelce
86%
97 Josh Allen
76%
96 Ja’Marr Chase
74%
97 Saquon Barkley
72%
97 Tyreek Hill
68%
96 Amon-Ra St.Brown
64%
99 Derrick Henry
64%
99 Trent Williams
64%
98 Myles Garrett
62%
96 Nick Bosa
58%
98 George Kittle
54%
97 Patrick Surtain
54%
98 Micah Parsons
52%
98 TJ Watt
52%
97 Chris Jones
46%
97 Lane Johnson
46%
96 Maxx Crosby
44%
97 Fred Warner
30%
97 Jesse Bates
30%
96 Dexter Lawrence
26%
96 Peneii Sewell
24%
96 Laremy Tunsil
8%
No matching quizzes found
Score Distribution
Percent of People with Each Score
Percentile by Number Answered
Your Score History
You have not taken this quiz